মুসলিম বিজেতা / (Record no. 72118)
[ view plain ]
| 000 -LEADER | |
|---|---|
| fixed length control field | 00799nam a2200229 a 4500 |
| 001 - CONTROL NUMBER | |
| control field | 72118 |
| 003 - CONTROL NUMBER IDENTIFIER | |
| rucl marc code | BD-RjUL |
| 005 - DATE AND TIME OF LATEST TRANSACTION | |
| control field | 20211209082219.0 |
| 008 - FIXED-LENGTH DATA ELEMENTS--GENERAL INFORMATION | |
| fixed length control field | 170514s1964 bg |||| |||| 000 0 ben d |
| 020 ## - INTERNATIONAL STANDARD BOOK NUMBER | |
| Terms of availability | : Tk. 4.00 |
| 035 ## - SYSTEM CONTROL NUMBER | |
| System control number | (BD-RjUL)72334 |
| 040 ## - CATALOGING SOURCE | |
| Original cataloging agency | BD-RjUL |
| Language of cataloging | ben |
| Transcribing agency | BD-RjUL |
| Modifying agency | BD-RjUL |
| 041 ## - LANGUAGE CODE | |
| Language code of text/sound track or separate title | ben |
| 082 ## - DEWEY DECIMAL CLASSIFICATION NUMBER | |
| Edition number | 23 |
| Classification number | 297.09 |
| Author mark and year | AHM 1964 |
| 100 1# - MAIN ENTRY--PERSONAL NAME | |
| Personal name | আহমদ, আবুয্ যোহা নূর |
| 9 (RLIN) | 213280 |
| 245 10 - TITLE STATEMENT | |
| Title | মুসলিম বিজেতা / |
| Statement of responsibility, etc. | আবুয্ যোহা নূর আহমদ |
| 260 ## - PUBLICATION, DISTRIBUTION, ETC. (IMPRINT) | |
| Place of publication, distribution, etc. | ঢাকা : |
| Name of publisher, distributor, etc. | পাক কিতাব ঘর, |
| Date of publication, distribution, etc. | ১৯৬৪ [১৩৭১] |
| 300 ## - PHYSICAL DESCRIPTION | |
| Pagination | ১৯০ পৃ. ; |
| Size | ২৪ সেমি. |
| 650 ## - SUBJECT ADDED ENTRY--TOPICAL TERM | |
| Topical term or geographic name as entry element | ইসলাম |
| General subdivision | ইতিহাস |
| 9 (RLIN) | 213281 |
| Topical term or geographic name as entry element | Islam |
| General subdivision | History |
| 9 (RLIN) | 213282 |
| 942 ## - ADDED ENTRY ELEMENTS (KOHA) | |
| Source of classification or shelving scheme | Dewey Decimal Classification |
| Koha item type | Books |
| Lost status | Source of classification or shelving scheme | Damaged status | Not for loan | Collection code | Permanent Location | Current Location | Shelving location | Date acquired | Source of acquisition | Cost, normal purchase price | Total Checkouts | Full call number | Date last seen | Copy number | Koha item type |
|---|---|---|---|---|---|---|---|---|---|---|---|---|---|---|---|
| Dewey Decimal Classification | Not For Loan | Non-fiction | Central Library, University of Rajshahi | Central Library, University of Rajshahi | Reading Room | 01/07/1968 | Nowrjkittan | 4.00 | B 297.09 AHM 1964 | 14/05/2017 | C-1 | Books |